000 00320 a2200109 4500
001 ART_26208
005 20260410161937.0
008 260409a
245 1 0 _aEl costeo basado en la actividad en las universidades
100 1 _aFicco, Cecilia Rita
773 0 _tSaberEs
_g- NÂș 3 (jun. 2011)
_wREV26089
999 _c29100
_d29100